00242 a2200109 4500001000700000020000600007040001100013100002800024240003800052245003300090362000900123181568 a  cMagnum aDerville, Leonore M. T.10aPsicologia pratica no ensinolpor10aPsicologia pratica no ensino0 a1899